Ethics for Africa today: an introduction to business ethics (Record no. 1486)

000 -LEADER
fixed length control field 00572nam a22001937a 4500
003 - CONTROL NUMBER IDENTIFIER
control field OSt
005 - DATE AND TIME OF LATEST TRANSACTION
control field 20150603140209.0
008 - FIXED-LENGTH DATA ELEMENTS--GENERAL INFORMATION
fixed length control field 150204b xxu||||| |||| 00| 0 eng d
020 ## - INTERNATIONAL STANDARD BOOK NUMBER
International Standard Book Number 9879966083201
050 ## - LIBRARY OF CONGRESS CALL NUMBER
Classification number HF 5387.G5 2008
100 ## - MAIN ENTRY--PERSONAL NAME
Personal name Gichure Christine Wanjiru
245 ## - TITLE STATEMENT
Title Ethics for Africa today: an introduction to business ethics
Statement of responsibility, etc Christine Wanjiru Gichure
260 ## - PUBLICATION, DISTRIBUTION, ETC. (IMPRINT)
Place of publication, distribution, etc Nairobi
Name of publisher, distributor, etc Paulines Publications
Date of publication, distribution, etc 2008
300 ## - PHYSICAL DESCRIPTION
Extent 248p
504 ## - BIBLIOGRAPHY, ETC. NOTE
Bibliography, etc Includes bibliographical references
650 ## - SUBJECT ADDED ENTRY--TOPICAL TERM
Topical term or geographic name as entry element Business ethics-Africa
651 ## - SUBJECT ADDED ENTRY--GEOGRAPHIC NAME
Geographic name Africa
942 ## - ADDED ENTRY ELEMENTS (KOHA)
Source of classification or shelving scheme
Koha item type Book
Holdings
Withdrawn status Lost status Source of classification or shelving scheme Damaged status Not for loan Home library Current library Shelving location Date acquired Total Checkouts Full call number Barcode Date last seen Date checked out Copy number Price effective from Koha item type
          Riara University Library Riara University Library General stack 04/02/2015 4 HF 5387.G5 2008 5267/15 29/06/2017 28/06/2017 C.1 04/02/2015 Book
          Riara University Library Riara University Library General stack 04/02/2015 5 HF 5387.G5 2008 5268/15 25/11/2015 12/11/2015 C.2 04/02/2015 Book
          Riara University Library Riara University Library General stack 05/02/2015 4 HF 5387.G5 2008 5285/15 18/11/2015 04/11/2015 C.3 05/02/2015 Book

Riara University Library,
P.O. Box 49940-00100,
Nairobi, Kenya.